Statistics for Countries Closest to Uganda

Click here to take the quiz!

General Stats

  • This quiz has been taken 84 times
  • The average score is 18 of 20

Answer Stats

km country miles % Correct
1154Eritrea717
99%
0Dem Rep Congo0
99%
589Sudan366
99%
195Ethiopia121
97%
0South Sudan0
96%
95Burundi59
96%
1287Congo800
96%
666Somalia414
96%
0Kenya0
96%
0Tanzania0
94%
0Rwanda0
94%
1231Mozambique765
93%
1205Chad735
91%
816Zambia507
91%
1143Djibouti710
91%
414Central African
Republic
257
90%
942Malawi585
81%
1091Angola678
80%
1522Cameroon945
77%
1397Yemen868
67%

Score Distribution

Percentile by Number Answered

Percent of People with Each Score

Your Score History

You have not taken this quiz